Przystanki PKS Słupsk linii 205 - Statystyki

Ogólne statystyki
  • Ten quiz został rozwiązany 2 razy
  • Średni wynik to 23 z 52
Statystyki odpowiedzi
Przystanek % Poprawnych
Redzikowo
100%
Wielka Wieś
100%
Bobrowniki Skrzyżowanie
50%
Cecenowo
50%
Cecenowo Kolonia
50%
Damnica Leśniczówka
50%
Damnica Ośrodek Zdrowia
50%
Damno
50%
Damno Młyn
50%
Damno Szkoła
50%
Dargoleza
50%
Główczyce
50%
Główczyce Dworcowa
50%
Główczyce Osiedle
50%
Główczyce Skrzyżowanie
50%
Łojewo
50%
Mianowice
50%
Mianowice I
50%
Michałowo
50%
Pobłocie
50%
Pobłocie Skrzyżowanie
50%
Pobłocie Wschód
50%
Podole Wielkie
50%
Poraj
50%
Sąborze
50%
Sąborze I
50%
Słupsk Jana Pawła II
50%
Słupsk Węzeł Transportowy
50%
Słupsk Wiejska
50%
Stowięcino
50%
Stowięcino Cmentarz
50%
Stowięcino Ośrodek Zdrowia
50%
Szczypkowice
50%
Szczypkowice I
50%
Warblino
50%
Warblino Leśniczówka
50%
Wicko
50%
Wielka Wieś I
50%
Wielogłowy Skrzyżowanie
50%
Wolinia
50%
Wolinia I
50%
Wolinia Skrzyżowanie
50%
Zagórzyca
50%
Damnica Dworzec Kolejowy
0%
Gorzyno
0%
Karzniczka Skrzyżowane
0%
Klęcino
0%
Redzikowo SHR Rondo
0%
Słupsk 3 Maja Fabryczna
0%
Słupsk Sienkiewicza
0%
Słupsk Sobieskiego Banacha
0%
Słupsk Wolności
0%
Nie znaleziono quizów pasujących do podanych kryteriów
Rozkład punktacji
Procent ludzi z każdym wynikiem
Percentyl według liczby udzielonych odpowiedzi
Twoja historia wyników
Nie rozwiązałeś tego quizu